[Event "Elite Hotels Open 2019"]
[Site "Vaxjo"]
[Date "2019.02.08"]
[Round "4.7"]
[White "Ask, Josef"]
[Black "Hector, Jonny"]
[Result "1/2-1/2"]
[WhiteElo "2164"]
[BlackElo "2488"]
[Annotator "TA"]
[PlyCount "97"]
[EventDate "2019.02.08"]
[EventType "swiss"]
[EventCountry "SWE"]
[SourceTitle "playchess.com"]
[Source "ChessBase"]
[SourceQuality "1"]

{[%evp 9,97,11,36,-15,-7,-14,-6,-6,-9,-37,0,-9,0,-1,27,14,68,71,78,67,104,87,72,60,77,41,102,0,0,0,0,0,0,0,20,26,22,0,0,0,0,0,53,3,8,8,16,16,15,8,15,8,8,0,0,-9,0,0,0,0,0,0,0,-5,0,0,0,-75,0,0,0,0,0,0,0,0,0,0,0,0,0,0,0,0,0,0,0,0,0,0]} 1. Nf3 d5 2. g3 Nc6 3. d4 Bg4 4. Bg2 Qd7 5. h3 Bf5 6. g4 {D02: 1 d4 d5 2 Nf3 sidelines, including 2...Nf6 3 g3 and 2...Nf6 3 Bf4} (6. c4 $14) (6. c3 O-O-O 7. Nbd2 e5 8. dxe5 f6 9. e6 Bxe6 10. Nb3 Kb8 11. Be3 Bd6 12. Nfd4 Bf7 13. Nxc6+ Qxc6 14. a4 {1-0 (37) Meier,G (2632)-Fressinet,L (2717) Dubai 2014}) 6... Bg6 $11 7. Nh4 e6 8. Nxg6 hxg6 9. e3 $146 ({Predecessor:} 9. c3 Nf6 10. Be3 Bd6 11. Nd2 O-O-O 12. Qa4 Kb8 13. O-O-O Qe8 {0-1 (127) Franco Ocampos,Z (2500)-Sowray,P (2325) Wijk aan Zee 1983}) 9... g5 10. c4 Nge7 11. cxd5 exd5 12. Nc3 Nd8 ({Black should try} 12... O-O-O $11) 13. e4 $14 {[%cal Re4d5]} dxe4 14. Bxe4 Ne6 15. d5 Nf4 16. Bxf4 gxf4 17. Qd2 g5 ({Black should play} 17... f5 $14 18. gxf5 O-O-O) 18. O-O-O (18. Qd4 $16 Rg8 19. O-O-O) 18... Bg7 $11 19. d6 cxd6 20. Qxd6 Qxd6 21. Rxd6 Be5 22. Rd3 Rb8 23. Nb5 Rh6 24. Rhd1 Rb6 25. Nd6+ Kf8 (25... Rxd6 $11 26. Rxd6 Rc8+ 27. Kb1 Bxd6 28. Rxd6 b6) 26. b3 (26. Nc4 {feels hotter.} Rb5 27. Rd8+ Rxd8 28. Rxd8+ Kg7 29. b3) 26... Bxd6 27. Rxd6 Rxd6 28. Rxd6 {[%mdl 4096] Endgame KRB-KRN} Rc8+ 29. Kb2 Rc7 30. Rd8+ Kg7 31. Ra8 b6 32. Rd8 f6 33. Ra8 Nc8 34. Rb8 Nd6 35. Bd5 f5 36. f3 Kf6 37. Rd8 Ke5 38. Ba8 (38. Bg8 $11 {keeps the balance.}) 38... Rc8 (38... Rh7 $17) 39. Rxc8 {The position is equal.} Nxc8 {KB-KN} 40. Kc3 Nd6 41. Bc6 a5 42. a4 Nf7 43. Kc4 {[#] Threatens to win with Kb5.} Nd6+ 44. Kd3 fxg4 45. hxg4 Nc8 46. Kc4 Nd6+ 47. Kd3 Nf7 48. Kc4 {[#] Black must now prevent Kb5.} Nd6+ 49. Kd3 {Accuracy: White = 57%, Black = 45%.} 1/2-1/2

[Event "Elite Hotels Open 2019"]
[Site "Vaxjo"]
[Date "2019.02.08"]
[Round "4.8"]
[White "Kallerholm, Per"]
[Black "Golubka, Petro"]
[Result "0-1"]
[WhiteElo "1933"]
[BlackElo "2471"]
[Annotator "TA"]
[PlyCount "110"]
[EventDate "2019.02.08"]
[EventType "swiss"]
[EventCountry "SWE"]
[SourceTitle "playchess.com"]
[Source "ChessBase"]
[SourceQuality "1"]

{[%evp 11,110,0,2,-8,10,-14,-8,-12,-12,-10,-9,-31,-27,-29,-31,-45,-36,-30,-33,-38,-43,-47,-25,-52,-52,-50,-41,-68,-62,-101,-75,-73,-77,-63,-31,-31,-25,-36,-33,-44,-36,-45,-41,-56,-51,-100,-52,-134,-128,-111,-130,-113,-116,-114,-8,-30,0,-70,-16,-78,-6,-1,0,0,12,14,56,41,43,-45,-31,-157,0,-129,0,0,0,-3,0,0,0,0,-29,-29995,-29996,-29996,-29997,-29997,-29991,-29991,-29992,-29992,-29993,-29993,-29994,-29994,-29992,-29992,-1339,-1010,-639]} 1. d4 Nf6 2. Nf3 g6 3. Nc3 d5 4. Bf4 c6 5. e3 Bg4 6. Be2 Bg7 7. Ne5 {D00: 1 d4 d5: Unusual lines} (7. h3 Bxf3 8. Bxf3 Nbd7 9. O-O O-O 10. e4 dxe4 11. Nxe4 Nxe4 12. Bxe4 e5 13. dxe5 Bxe5 14. Be3 Re8 15. Bf3 Nb6 16. Qxd8 Raxd8 17. Bxb6 axb6 {½-½ (27) Samusenko,M (2372)-Kamsky,G (2678) St Petersburg 2017}) 7... Bxe2 8. Nxe2 Nh5 $146 ({Predecessor:} 8... Nfd7 9. Nf3 Na6 10. Qd2 Nc7 11. Qb4 b6 12. c4 c5 13. Qb3 cxd4 14. Nexd4 Bxd4 15. exd4 dxc4 16. Qxc4 {½-½ (46) Sericano,C (2305)-Balares,J Oslo 1990}) 9. Nd3 {The position is equal.} Nxf4 10. Nexf4 Nd7 11. O-O O-O 12. b3 Re8 13. Rc1 e5 14. dxe5 Nxe5 15. Nxe5 Bxe5 16. Qg4 Qf6 17. Nd3 Bc3 18. Rcd1 Re4 19. Qg3 Qe7 20. Nf4 Be5 {Hoping for ...g5.} (20... Qa3 {feels hotter.} 21. Ne2 Bh8 22. Qf3 Rae8 23. Nc1 b5) 21. Qf3 Bxf4 22. exf4 Qf6 23. g3 Rae8 $36 {[%mdl 2048] Black fights for an advantage.} 24. Qd3 Qe6 25. Qc3 b6 26. Rd3 c5 27. Qd2 d4 28. Qd1 Re2 29. c3 (29. a4 $15) 29... dxc3 $17 ({Reject} 29... Rxa2 $6 30. cxd4 cxd4 31. Rxd4 $11) 30. Rxc3 Rxa2 31. Re3 Qc8 32. Rfe1 Rf8 (32... Rxe3 $17 33. Rxe3 Qc6) 33. h4 $11 Qd8 34. Qf3 (34. Rd3 $1 $11 Qc8 35. Qb1) 34... Qf6 (34... Rd2 $15) 35. Kg2 (35. h5 $11) 35... Rd2 (35... Rd8 $17) 36. h5 Kg7 37. Re7 a5 38. R1e6 Qf5 {next ...Rd3 is good for Black.} ({Much worse is} 38... Qxe6 $6 39. Rxe6 fxe6 40. Qb7+ Kh6 41. Qxb6 $16) 39. Qc3+ Rd4 40. Re5 (40. Rd6 $14) 40... Qd3 $15 41. Qe1 {[#]} (41. Qb2 $15) 41... Qxb3 $2 ({Better is} 41... Rb4 $1 $17 42. Re3 Qd5+ {[%mdl 64] Double Attack} 43. f3 a4 44. bxa4 Rxa4 45. Qc3+ Qd4 46. Qxd4+ Rxd4) 42. f5 (42. Rg5 $1 $11 Rfd8 43. Re8 Rxe8 44. Qxe8) 42... Qd1 ({Black should play} 42... Rd1 $17 43. Qe2 Qd3 44. Qxd3 Rxd3 45. hxg6 Rb3 46. gxh7 Kxh7) 43. Qe3 $11 {White threatens f6+ and mate.} Qd2 {aiming for ...Qxe3.} 44. Qf3 Rd6 45. hxg6 hxg6 46. fxg6 {[%cal Re7f7]} Rf6 $1 {[%cal Rf6f3]} ({Don't go for} 46... Rxg6 $2 47. Rf5 $18) 47. Qb7 $2 {[%mdl 8192] [#]} (47. Rf5 $11 Qd6 48. Rxf7+ R8xf7 49. gxf7 Kxf7 50. Rxf6+ Qxf6 51. Qb7+ Kg6 52. Qd5) 47... Qxf2+ 48. Kh3 Rh8+ 49. Kg4 Rxg6+ 50. Rg5 Rxg5+ 51. Kxg5 Qxg3+ 52. Kf5 Rh5+ 53. Ke4 Qg2+ 54. Kf4 Qxb7 (54... Qg5+ $142 55. Kf3 Qf6+ 56. Ke4 Qd4+ 57. Kf3 Rf5+ 58. Kg3 Qf4+ 59. Kh3 Rh5+ 60. Kg2 Rh2+ 61. Kg1 Qf2#) 55. Rxb7 $19 Rh6 {Accuracy: White = 37%, Black = 47%.} 0-1

[Event "Elite Hotels Open 2019"]
[Site "Vaxjo"]
[Date "2019.02.08"]
[Round "4.9"]
[White "Barkhagen, Jonas"]
[Black "Lindgren, Philip"]
[Result "0-1"]
[WhiteElo "2429"]
[BlackElo "2379"]
[Annotator "TA"]
[PlyCount "154"]
[EventDate "2019.02.08"]
[EventType "swiss"]
[EventCountry "SWE"]
[SourceTitle "playchess.com"]
[Source "ChessBase"]
[SourceQuality "1"]

{[%evp 14,154,11,11,11,8,8,8,23,22,5,11,78,0,0,-9,0,0,0,-8,-8,-8,-8,-8,-8,0,0,-29,-37,-29,-32,-129,-125,-139,-139,-149,-137,-150,-150,-142,-143,-144,-145,-157,-157,-168,-163,-196,-72,-89,-74,-86,-45,-95,-95,-95,-93,-110,-90,-90,-90,-90,-90,-90,-90,-130,-81,-189,-81,-81,0,-181,-181,-194,-195,-188,-179,-169,-134,-187,-169,-166,0,-225,-247,-247,-241,-295,-298,-476,-248,-312,-306,-278,-273,-325,-258,-397,-304,-302,-315,-600,-583,-712,-690,-847,-837,-834,-847,-767,-819,-884,-848,-936,-847,-29979,-956,-1780,-1806,-1520,-1540,-1198,-736,-6295,-6111,-5197,-5720,-2674,-2481,-29984,-2637,-29978,-29979,-29979,-29980,-29985,-29986,-29984,-29985,-29991,-29992,-29993,-29994]} 1. d4 d5 2. c4 e6 3. Nc3 Nf6 4. Bg5 Nbd7 5. e3 h6 6. Bh4 Be7 7. Nf3 O-O 8. Rc1 c5 {D63: Queen's Gambit Declined: Classical: 7 Rc1} 9. dxc5 dxc4 (9... Nxc5 10. cxd5 g5 11. Bg3 Nxd5 12. Nxd5 Qxd5 13. Qxd5 exd5 14. Nd4 Bd7 15. Be2 Rac8 16. O-O {½-½ (31) Ivanchuk,V (2710)-Yu,Y (2765) Batumi 2018}) 10. c6 Nb6 {The position is equal.} 11. Qxd8 Rxd8 12. Ne5 Nfd5 $146 (12... Bb4 $11 {keeps the balance.}) ({Predecessor:} 12... g5 13. Bg3 Nh5 14. c7 Re8 15. Nxc4 Nxc4 16. Bxc4 Nxg3 17. hxg3 {1-0 (30) Nabaty,T (2649)-Boruchovsky,A (2542) Budapest 2017}) 13. c7 (13. Bxe7 $16 Nxe7 14. c7 (14. Nxc4 Nxc6 15. Nxb6 axb6 $11)) 13... Re8 $1 $11 14. Bg3 Nxc3 15. bxc3 ({Much worse is} 15. Rxc3 Bb4 $17) 15... Bd6 16. Nxc4 Nxc4 17. Bxc4 Bxg3 18. hxg3 Bd7 19. Rb1 Bc6 20. Rh5 Re7 21. Rc5 {Rxc6! is the strong threat.} Rc8 22. Bb5 (22. Be2 $15) 22... Bxg2 $17 23. Rd1 Rcxc7 24. Rd8+ Kh7 25. Bd3+ g6 26. Rxc7 Rxc7 {[%mdl 4096] Endgame KRB-KRB} 27. c4 Bc6 28. Ke2 Kg7 29. f4 h5 30. e4 {[#]} Kf6 (30... e5 $1 $19 {[%mdl 512]} 31. Kf2 (31. fxe5 Re7) 31... exf4 32. gxf4 h4) 31. e5+ Ke7 32. Rh8 Rd7 33. Rh7 Kf8 34. Rh8+ Kg7 35. Rc8 Bh1 36. Ke3 b6 37. a3 Bb7 38. Rb8 Rc7 39. Rd8 Bc6 40. Rb8 (40. Be2 $17 {is a better defense.}) 40... Ba4 (40... Bg2 $19 {is more deadly.} 41. Be2 Rc5) 41. Ra8 Bc6 (41... Bd1 $17) 42. Rb8 $1 $19 Bg2 43. Rd8 Rc5 $1 44. Be2 Ra5 45. Rd3 Bc6 46. Kd2 (46. Kd4 $17 {was called for.}) 46... Ra4 47. Rc3 Ra5 $2 ({Black should try} 47... Be4 $19 48. Ke3 Bf5) 48. Kc1 $2 (48. Rd3 $1 $11 {and White stays safe.}) 48... f6 49. exf6+ Kxf6 50. Kb2 e5 51. Rd3 (51. fxe5+ {might work better.} Rxe5 52. Bd1) 51... Ke6 (51... exf4 $142 {Threatens to win with ...Be4.} 52. Rd6+ Kf5 53. Rxc6 fxg3 54. Bd3+ Kf4) 52. fxe5 Rxe5 ({Weaker is} 52... Kxe5 53. Re3+ Kd6 54. Rd3+ Ke6 55. Bd1 $17) 53. Bd1 Be4 54. Rd4 Kf6 55. Rd7 (55. Kc3 $142) 55... Re7 56. Rd4 Bf5 57. Kc3 $2 (57. g4 hxg4 58. Bxg4) 57... Re3+ {[%mdl 64] Double Attack} 58. Kb4 Rxg3 59. Rd6+ Kg5 60. Ba4 h4 61. Bc6 h3 62. Rd8 h2 63. a4 Kf4 64. Ra8 {[#]} Rh3 (64... Bd7 $142 $1 {[%mdl 512]} 65. Bb7 (65. Bxd7 h1=Q) 65... a5+ 66. Rxa5 bxa5+ 67. Kc5 {[#]} Rf3 $1 {[%mdl 512]} 68. Kd6 Bxa4 69. Bxf3 Kxf3 70. Ke7 h1=Q 71. Ke6 Qh7 72. c5 Kf4 73. c6 Qc7 74. Kd5 Qe5+ 75. Kc4 Ke4 76. c7 Qxc7#) 65. Bh1 Be4 66. Rf8+ Ke3 67. Re8 Rh4 68. Kb5 Kd4 69. Rd8+ Kc3 70. Bxe4 Rxe4 {KR-KR} 71. Rh8 Re2 (71... Re5+ $142 72. c5 Rxc5+ 73. Ka6 Rh5 74. Rc8+ Kb2 75. Kxa7 h1=Q 76. Kxb6 Qd5 77. Rc7 Rh8 78. Rb7 Rc8 79. Ka6+ Kc3 80. a5 Qc6+ 81. Ka7 Qc5+ {[%mdl 64] Double Attack} 82. Rb6 Qxa5+ 83. Ra6 Qc7#) 72. Rh3+ Kd2 {Black mates.} 73. Ka6 g5 74. Kxa7 g4 75. Rh8 g3 76. Kxb6 g2 77. Rxh2 g1=Q+ {[%mdl 64] Double Attack, Discovered Attack. Accuracy: White = 37%, Black = 62%.} 0-1

[Event "Elite Hotels Open 2019"]
[Site "Vaxjo"]
[Date "2019.02.08"]
[Round "4.10"]
[White "Jepson, Christian"]
[Black "Ytterberg, Felix"]
[Result "1-0"]
[WhiteElo "2389"]
[BlackElo "1894"]
[Annotator "TA"]
[PlyCount "117"]
[EventDate "2019.02.08"]
[EventType "swiss"]
[EventCountry "SWE"]
[SourceTitle "playchess.com"]
[Source "ChessBase"]
[SourceQuality "1"]

{[%evp 19,117,19,24,33,46,19,31,42,36,32,68,62,82,23,20,24,42,29,162,170,263,250,265,154,325,275,283,267,259,188,174,176,167,104,167,154,158,145,208,146,153,126,230,218,239,214,378,379,371,351,381,381,364,376,370,370,368,345,361,357,533,530,419,423,341,0,272,137,132,136,239,112,112,112,112,112,29978,29978,29978,29979,29979,112,118,0,29979,29980,29980,29981,29981,29982,29985,29986,29986,29987,29987,29988,29988,29989,29989,29990]} 1. Nf3 Nf6 2. c4 e6 3. Nc3 d5 4. d4 Bb4 5. e3 O-O 6. Bd3 dxc4 7. Bxc4 a6 8. O-O c5 9. a3 Bxc3 10. bxc3 b5 {LiveBook: 3 Games. E54: Nimzo-Indian: Rubinstein: Main Line: 7...dxc4 8 Bxc4} 11. Be2 {[%cal Bc4e2,Be2f3,Bf3d5][%mdl 32]} c4 12. a4 {And now axb5 would win.} Bb7 {The position is equal.} 13. Nd2 $146 ({Predecessor:} 13. Ba3 Re8 14. Qb1 Qd5 15. Ne1 e5 16. axb5 axb5 17. dxe5 Qxe5 18. Nf3 Bxf3 19. Bxf3 {½-½ (52) Aleksandrov,A (2601)-Laxman,R (2485) Dubai 2010}) 13... Nbd7 ({Don't go for} 13... Qd5 $2 14. Bf3 $18) 14. Bf3 Nd5 15. Qc2 Qc7 16. g3 ({White should try} 16. Ba3 $16) 16... b4 17. Bxd5 b3 18. Nxb3 $1 {Bxb7 is the strong threat.} cxb3 (18... exd5 $11 {and Black stays safe.} 19. Nd2 Rfe8) 19. Bxb3 $18 Qc6 (19... Bf3 {was necessary.} 20. Re1 Rfc8) 20. f3 $1 Rfc8 21. Bd2 (21. c4 $18) 21... Nf6 $2 (21... Nb6 $16 22. e4 a5) 22. e4 a5 23. Rac1 Ba6 24. Rf2 Bc4 25. Bxc4 Qxc4 26. Bg5 (26. Be1 $18) 26... Rab8 (26... Nd7 $16 27. Qa2 Nb6 28. Qxc4 Rxc4) 27. Bxf6 gxf6 28. Qd2 Kg7 (28... Qxa4 $16 {might work better.} 29. e5 fxe5) 29. Qf4 Rb3 30. e5 fxe5 (30... f5 $16) 31. Qxe5+ f6 32. Qxa5 Qd3 $2 (32... Ra3 {was called for.} 33. Rb1 Qxc3) 33. Qa7+ Kg6 34. Qd7 Rbxc3 35. Rxc3 Rxc3 {[%mdl 4096] Endgame KQR-KQR} 36. Qe8+ Kg7 37. Qe7+ Kg6 38. Qxe6 Qxd4 {intending ...Rxf3.} 39. Kg2 Qxa4 (39... Rc5 $142 40. Qe8+ Kg7) 40. Qg8+ Kh6 41. Qf8+ Kg6 42. Qg8+ Kh6 43. Qf7 (43. h4 $1 $18 Qd7 44. Qf8+ Qg7 45. Qd8) 43... Qc6 $16 44. g4 $36 {[%mdl 2048] White is in control.} Rc2 {[#]} (44... Qd6 $16 45. Re2 Rc7) 45. h4 (45. Qe7 $1 $18 {and the rest is easy.} Kg6 46. h4 Rxf2+ 47. Kxf2) 45... Rxf2+ 46. Kxf2 {Threatening mate with Qf8+. KQ-KQ} Qb6+ 47. Kg2 {Qf8+ would kill now.} Qb2+ $2 {[%mdl 8192]} (47... Qd6 $16 48. Kh3 Qd8) 48. Kh3 Qe5 {[#]} 49. Qf8+ $1 Kg6 50. Qg8+ $2 (50. h5+ {mates} Kg5 51. Qg7+ Kf4 52. Qxh7 Kg5 53. Qg6+ Kf4 54. Qe4+ Qxe4 55. fxe4) 50... Kh6 51. Qf8+ $2 {[%mdl 8192]} (51. Qf7 $16 Qd6 52. Qg8) 51... Kg6 52. h5+ {White mates.} Kg5 53. Qg7+ Kf4 54. Qxh7 Kxf3 55. Qf5+ Ke2 56. Qxe5+ fxe5 57. h6 e4 58. h7 e3 59. h8=Q {Precision: White = 54%, Black = 35%.} 1-0

[Event "Elite Hotels Open 2019"]
[Site "Vaxjo"]
[Date "2019.02.08"]
[Round "4.11"]
[White "Westerberg, Jonathan"]
[Black "Fransson, Patrick"]
[Result "1-0"]
[WhiteElo "2544"]
[BlackElo "2117"]
[Annotator "TA"]
[PlyCount "95"]
[EventDate "2019.02.08"]
[EventType "swiss"]
[EventCountry "SWE"]
[SourceTitle "playchess.com"]
[Source "ChessBase"]
[SourceQuality "1"]

{[%evp 10,95,-17,-6,0,-2,-12,-11,35,37,74,77,74,60,57,45,47,47,49,53,72,39,52,29,30,31,29,33,89,93,120,108,147,142,144,154,156,144,203,193,197,212,169,202,224,177,187,218,211,156,179,179,189,187,180,208,197,197,248,229,262,242,262,231,348,310,649,657,652,563,876,777,1100,1083,29973,29974,29974,29974,29973,29974,29969,29974,29973,29945,29984,29985,29981,29983]} 1. e4 e6 2. d4 d5 3. Bd3 dxe4 4. Bxe4 Nf6 5. Bf3 c5 6. Ne2 Nc6 {[%cal Rc5d4] C01: French: Exchange Variation} 7. Be3 cxd4 8. Nxd4 Nxd4 {The position is equal.} (8... Ne5 {feels hotter.} 9. Nc3 a6 10. Qe2 Nxf3+ 11. Qxf3 e5) 9. Qxd4 Qxd4 10. Bxd4 Bd6 11. Nc3 Bd7 $146 ({Predecessor:} 11... a6 12. O-O-O Ke7 13. Rhe1 Rd8 14. g3 {1-0 (37) Chigaev,M (2546)-Valner,U (2211) Tallinn 2018}) 12. O-O-O Bf4+ 13. Kb1 Bc6 14. Bxc6+ bxc6 15. Ne2 Bc7 16. Bxf6 gxf6 17. Nd4 $36 {[%mdl 2048] White has good play.} Rg8 18. g3 Bb6 (18... c5 $14 19. Nb5 Bb6) 19. Nxc6 $16 Bxf2 20. Rhf1 Rc8 21. Rxf2 Rxc6 22. Rxf6 {[%mdl 4096] Endgame KRR-KRR} Ke7 23. Rh6 Rg7 (23... Rg6 $16 24. Rxh7 Rf6) 24. b3 $18 Rd6 25. Kc1 Rxd1+ 26. Kxd1 {KR-KR} Kd6 27. Ke2 Ke5 28. Rh4 f5 29. Ra4 Rc7 30. Kd3 Rd7+ 31. Ke3 Rc7 32. Ra5+ Kf6 33. c4 Kg5 (33... h5 {was worth a try.} 34. c5 Ke5) 34. Kd4 {aiming for Ke5.} Kf6 35. Ra6 Rd7+ 36. Ke3 Kf7 (36... Rc7 $142 37. Ke2 h5) 37. c5 Kf6 $2 {[#]} (37... e5 38. b4 Rb7) 38. c6 Rc7 39. Kd4 e5+ 40. Kd5 e4 41. Kd6 e3 42. Kxc7 {KR-KP. White mates.} e2 43. Kb7 e1=Q 44. c7+ Kg5 45. c8=Q Qb4+ 46. Kxa7 Qd4+ 47. Rb6 Kg4 48. Qc4 {Accuracy: White = 70%, Black = 39%.} 1-0

[Event "Elite Hotels Open 2019"]
[Site "Vaxjo"]
[Date "2019.02.08"]
[Round "4.12"]
[White "Bernhardsson, Sten"]
[Black "Cramling, Pia"]
[Result "0-1"]
[WhiteElo "2003"]
[BlackElo "2462"]
[Annotator "TA"]
[PlyCount "52"]
[EventDate "2019.02.08"]
[EventType "swiss"]
[EventCountry "SWE"]
[SourceTitle "playchess.com"]
[Source "ChessBase"]
[SourceQuality "1"]

{[%evp 20,52,22,21,27,16,27,18,18,0,0,0,3,0,0,0,0,-52,-52,-50,-37,-30,-25,-41,-13,-302,-307,-324,-309,-355,-336,-564,-561,-666,-627]} 1. d4 Nf6 2. Nf3 d5 3. c4 e6 4. Bg5 dxc4 5. e3 c5 6. Bxc4 cxd4 7. exd4 Be7 8. Nc3 O-O 9. O-O Nbd7 10. Qe2 Nb6 11. Bb3 Bd7 {D26: Queen's Gambit Accepted: 4 e3 e6 5 Bxc5 c5 sidelines} 12. Rfe1 (12. Ne5 Nfd5 13. Nxd5 Bxg5 14. Nxb6 axb6 15. d5 exd5 16. Bxd5 Qe7 17. Rfe1 Be6 18. Bxe6 Qxe6 19. Nf3 Qxe2 20. Rxe2 Bf6 21. a3 Rfe8 22. Rc2 Rad8 23. Kf1 Rd3 {½-½ (24) Graf,A (2620)-Gashimov,V (2644) Sanxenxo 2007}) 12... Bc6 13. Rad1 {[#] Hoping for d5!} Nfd5 $146 {The position is equal.} ({Predecessor:} 13... Nbd5 14. Ne5 Rc8 15. Rd3 Nb4 16. Rg3 Bd5 17. Bh6 Ne8 18. Nxd5 exd5 19. a3 {1-0 (60) Netusil,M (2236)-Vyprachticky,D (2249) Czech Republic 2017}) 14. Bxe7 Qxe7 15. Ne5 a5 16. Ne4 a4 17. Bc2 a3 18. Bb3 ({Better is} 18. Rb1 $11) 18... Ba4 $15 19. bxa3 Bxb3 20. axb3 Rxa3 21. Nc5 Rfa8 $36 {[%mdl 2048] And now ...Nc3 would win. Black is more active.} 22. h3 $2 {[%mdl 8192]} (22. Qf3 $11 {and White has nothing to worry.}) 22... Nc3 $1 $19 {[%csl LRd1,LRe2][%mdl 64] [#] Double Attack} 23. Qg4 Nxd1 24. Rxd1 Nd5 25. Rd3 $2 (25. Qf3 {might work better.}) 25... b6 26. Ne4 f5 {[%mdl 64] Double Attack. Accuracy: White = 20%, Black = 85%.} 0-1

[Event "Elite Hotels Open 2019"]
[Site "Vaxjo"]
[Date "2019.02.08"]
[Round "4.13"]
[White "Burwick, Malte"]
[Black "Attefall, Fredrik"]
[Result "1-0"]
[WhiteElo "2247"]
[BlackElo "1993"]
[Annotator "TA"]
[PlyCount "31"]
[EventDate "2019.02.08"]
[EventType "swiss"]
[EventCountry "SWE"]
[SourceTitle "playchess.com"]
[Source "ChessBase"]
[SourceQuality "1"]

{[%evp 20,31,22,25,36,7,23,17,24,12,29,22,435,442]} 1. Nf3 d5 2. g3 Nf6 3. Bg2 c6 4. O-O Bg4 5. d3 Nbd7 6. Nbd2 e5 7. e4 dxe4 8. dxe4 Bc5 9. Qe2 O-O {A07: Réti Opening: New York and Capablanca Systems} 10. h3 (10. a4 a5 11. h3 Bh5 12. g4 Bg6 13. Rd1 Qc7 14. Nh4 Rfe8 15. Nc4 Nf8 16. Be3 Bxe3 17. Qxe3 {0-1 (63) Dzagnidze,N (2559)-Stefanova,A (2531) Batumi 2012}) 10... Bxf3 11. Nxf3 {LiveBook: 3 Games} Qb6 {White has an edge.} 12. a3 $146 ({Predecessor:} 12. Ne1 a5 13. Nd3 Qa6 14. Be3 a4 15. a3 Rad8 16. Rfe1 Bxe3 17. Qxe3 {½-½ (38) Weiss,U (1740)-Trabert,B (2200) Schoeneck 1986}) 12... a5 13. b3 Rfe8 14. Bb2 h6 15. Rad1 Nh7 $2 {[%mdl 8192] [#]} (15... Qc7 $11) 16. Rxd7 1-0

[Event "Elite Hotels Open 2019"]
[Site "Vaxjo"]
[Date "2019.02.08"]
[Round "4.14"]
[White "Lindh, Fredrik"]
[Black "Cedervall, Magnus"]
[Result "1-0"]
[WhiteElo "2244"]
[BlackElo "1989"]
[Annotator "TA"]
[PlyCount "81"]
[EventDate "2019.02.08"]
[EventType "swiss"]
[EventCountry "SWE"]
[SourceTitle "playchess.com"]
[Source "ChessBase"]
[SourceQuality "1"]

{[%evp 10,81,41,43,49,49,59,34,30,16,175,160,168,122,122,117,112,0,78,0,-8,0,0,-47,-40,-64,0,0,-4,-17,0,0,0,-27,81,79,79,73,141,70,65,14,12,-3,0,-8,-13,-8,-12,-43,-33,-22,0,-60,589,562,620,600,1080,1085,1084,1079,1065,1054,1034,997,1001,973,917,852,836,836,836,784]} 1. e4 e5 2. Nf3 Nc6 3. Bb5 a6 4. Ba4 d6 5. c3 Bd7 6. O-O g5 {C72: Ruy Lopez: Deferred Steinitz: 5 0-0} 7. d4 g4 8. Ne1 (8. d5 Nce7 9. Bxd7+ Qxd7 10. Nh4 Bg7 11. f4 Bf6 12. Qe1 Bxh4 13. Qxh4 Ng6 14. Qf2 exf4 15. Bxf4 {0-1 (39) Harikrishna,P (2744)-Mamedyarov,S (2799) Huaian 2017}) 8... h5 {White is slightly better.} 9. f4 {next fxe5 is good for White.} Bg7 $146 (9... exd4 $11 10. cxd4 d5) ({Predecessor:} 9... exf4 10. Bxf4 Bh6 11. Nd3 Qe7 12. e5 Bxf4 13. Nxf4 dxe5 14. Nd5 {½-½ (60) Storme,I (2323)-Hector,J (2502) Gothenburg 2018}) 10. fxe5 $18 dxe5 11. Bb3 f6 12. Nd3 Qe7 13. dxe5 (13. Nc5 $16) 13... Nxe5 (13... O-O-O $1 $11) 14. Nf4 (14. Nxe5 $16 Qxe5 15. Bf4 Qc5+ 16. Qd4 Qxd4+ 17. cxd4) 14... O-O-O $11 15. Nd5 Qe8 16. Qe2 (16. Qd4 $5 {[%cal Rd4a7]} Kb8 17. Be3 $11) 16... Bc6 17. Be3 Bxd5 (17... h4 $15) 18. exd5 Bh6 19. Bxh6 Rxh6 20. Qf2 Kb8 21. Nd2 Nd3 (21... h4 $11 {keeps the balance.}) 22. Qd4 $16 Ne5 23. Rae1 Qg6 (23... Rg6 $142) 24. Qe4 ({White should try} 24. Ne4 $16) 24... Qg7 $14 25. Kh1 ({Better is} 25. Nc4 $14) 25... h4 $11 26. Nc4 h3 27. g3 {[%cal Rc4e5]} Nf3 28. Re2 $36 {[%mdl 2048] White is more active.} f5 29. Qxf5 Rf6 30. Qd3 Rdf8 {[#] White must now prevent ...Ne5!} 31. Rff2 ({White should play} 31. Re6 $1 $11) 31... Nxh2 $2 {[%mdl 8192]} (31... Ne7 $15 {keeps the upper hand.} 32. Nd2 Nxd2 33. Qxd2 Rxf2 34. Rxf2 Rxf2 35. Qxf2 Qg6) 32. Rxf6 $18 {White is clearly winning.} Qxf6 33. Kxh2 Qf1 {[#] ( -> ...Rf2+)} 34. Re8+ $1 {[%mdl 512]} Ka7 (34... Rxe8 35. Qxf1) 35. Qxf1 {[%mdl 64] Overworked Piece} Rxf1 36. Rxg8 Rf2+ 37. Kg1 Rg2+ 38. Kh1 Rxg3 39. Bd1 Rd3 40. Bxg4 Rxd5 41. Bxh3 {Accuracy: White = 44%, Black = 53%.} 1-0